Organising the unorganised: a case study of female domestic workers in Delhi (Record no. 17622)

MARC details
000 -LEADER
fixed length control field 00503nam a2200157Ia 4500
082 ## - DEWEY DECIMAL CLASSIFICATION NUMBER
Classification number RP.0265
100 ## - MAIN ENTRY--AUTHOR NAME
Personal name Pattayat, Priyanath
245 #0 - TITLE STATEMENT
Title Organising the unorganised: a case study of female domestic workers in Delhi
260 ## - PUBLICATION, DISTRIBUTION, ETC. (IMPRINT)
Year of publication 0
Name of publisher Indian Council of Social Science Research, New Delhi
300 ## - PHYSICAL DESCRIPTION
Number of Pages 116
504 ## - BIBLIOGRAPHY, ETC. NOTE
Bibliography, etc includes appendices and bibliography
650 ## - SUBJECT ADDED ENTRY--TOPICAL TERM
Topical Term Women
Form subdivision Employment
Geographic subdivision Delhi
650 ## - SUBJECT ADDED ENTRY--TOPICAL TERM
Topical Term Women
Form subdivision Socio-economic status
Geographic subdivision Delhi
650 ## - SUBJECT ADDED ENTRY--TOPICAL TERM
Topical Term Domestics
Geographic subdivision Delhi
942 ## - ADDED ENTRY ELEMENTS (KOHA)
Koha item type Research Reports
Source of classification or shelving scheme Dewey Decimal Classification
Holdings
Withdrawn status Lost status Damaged status Not for loan Collection code Home library Current library Date acquired Source of acquisition Bill Date Full call number Accession Number Price effective from Koha item type
      Not For Loan Minor Research project Reports NASSDOC Library NASSDOC Library 02/04/2008 Gifted by : R P Division, ICSSR 2008-03-20 RP.0265 44318 18/04/2019 Research Reports